<?xml version="1.0" encoding="UTF-8"?>
<record
    xmlns:xsi="http://www.w3.org/2001/XMLSchema-instance"
    xsi:schemaLocation="http://www.loc.gov/MARC21/slim http://www.loc.gov/standards/marcxml/schema/MARC21slim.xsd"
    xmlns="http://www.loc.gov/MARC21/slim">

  <leader>05735nam a2200469Ia 4500</leader>
  <controlfield tag="001">dia_4748</controlfield>
  <controlfield tag="003">CHAP</controlfield>
  <controlfield tag="005">20241008102536.0</controlfield>
  <controlfield tag="007">ta</controlfield>
  <controlfield tag="008">220117s2011    mx abdofrm    001 0 spa d</controlfield>
  <datafield tag="010" ind1=" " ind2=" ">
    <subfield code="a">175496</subfield>
  </datafield>
  <datafield tag="040" ind1=" " ind2=" ">
    <subfield code="c">CHAP</subfield>
    <subfield code="a">mxchpua</subfield>
    <subfield code="e">spa</subfield>
  </datafield>
  <datafield tag="041" ind1="0" ind2=" ">
    <subfield code="a">spa</subfield>
    <subfield code="b">eng</subfield>
  </datafield>
  <datafield tag="090" ind1=" " ind2=" ">
    <subfield code="a">Tesis </subfield>
    <subfield code="b">P47 </subfield>
    <subfield code="c">2011</subfield>
  </datafield>
  <datafield tag="100" ind1="1" ind2=" ">
    <subfield code="a">P&#xE9;rez Lara, Magaly</subfield>
  </datafield>
  <datafield tag="245" ind1="1" ind2="0">
    <subfield code="a">Diagn&#xF3;stico y asesor&#xED;a t&#xE9;cnica en la purificadora de agua El Oasis de Sahuayo S. A. De C. V. /</subfield>
    <subfield code="c">Magaly P&#xE9;rez Lara</subfield>
  </datafield>
  <datafield tag="264" ind1=" " ind2=" ">
    <subfield code="a">Chapingo, M&#xE9;xico :</subfield>
    <subfield code="b">El autor,</subfield>
    <subfield code="c">2011</subfield>
  </datafield>
  <datafield tag="300" ind1=" " ind2=" ">
    <subfield code="a">78 hojas :</subfield>
    <subfield code="b">ilustraciones, mapas, gr&#xE1;ficas, diagramas, tablas, fotos +</subfield>
    <subfield code="e">1 CD-ROM</subfield>
  </datafield>
  <datafield tag="336" ind1=" " ind2=" ">
    <subfield code="2">rdacontent</subfield>
    <subfield code="a">texto</subfield>
    <subfield code="b">txt</subfield>
  </datafield>
  <datafield tag="337" ind1=" " ind2=" ">
    <subfield code="2">rdamedia</subfield>
    <subfield code="a">no mediado</subfield>
    <subfield code="b">n</subfield>
  </datafield>
  <datafield tag="338" ind1=" " ind2=" ">
    <subfield code="2">rdacarrier</subfield>
    <subfield code="a">volumen</subfield>
    <subfield code="b">nc</subfield>
  </datafield>
  <datafield tag="500" ind1=" " ind2=" ">
    <subfield code="a">El CD contiene el reporte</subfield>
  </datafield>
  <datafield tag="502" ind1=" " ind2=" ">
    <subfield code="a">Tesis </subfield>
    <subfield code="b">(Ingeniero Agroindustrial) -- </subfield>
    <subfield code="c">UACh. Departamento de Ingenier&#xED;a Agroindustrial, </subfield>
    <subfield code="d">2011</subfield>
  </datafield>
  <datafield tag="504" ind1=" " ind2=" ">
    <subfield code="a">Bibliograf&#xED;a: hojas 48-50</subfield>
  </datafield>
  <datafield tag="520" ind1="3" ind2=" ">
    <subfield code="a">El proyecto de estancia preprofesional tuvo como objetivos: hacer un diagn&#xF3;stico de la empresa para dise&#xF1;ar un programa de asesor&#xED;a t&#xE9;cnica, mejorar la calidad  del producto final, mejorar la organizaci&#xF3;n  y dise&#xF1;ar una estrategia de comercializaci&#xF3;n. El desarrollo del trabajo  consisti&#xF3; en hacer una auditoria seg&#xFA;n las NOM sobre agua para consumo humano y un an&#xE1;lisis FODA para determinar las estrategias que mejor le conven&#xED;a a la empresa. Posteriormente se abordaron los aspectos de calidad en el producto final y en los procesos, para incidir sobre lo anterior, fue necesario trabajar en los prerrequisitos como las buenas pr&#xE1;cticas de manejo (BPM) y procedimientos estandarizados de saneamiento (POES), iniciando con cursos de capacitaci&#xF3;n para que todo el personal de la planta, estuviera enterado de la importancia de la calidad higi&#xE9;nica y los peligros de contaminaci&#xF3;n, adem&#xE1;s de la implemente naci&#xF3;n de calendarios de mantenimiento y se dise&#xF1;aron los POES para el lavado de: garrafones en piso, en lavadora y del aljibe. Con lo cual, se logr&#xF3;  la estandarizaci&#xF3;n del proceso de purificaci&#xF3;n de agua y su evaluaci&#xF3;n microbiol&#xF3;gica. En cuanto a los objetivos de que tienen que ver con la mejora en el &#xE1;mbito administrativo y de comercializaci&#xF3;n, se implement&#xF3; acciones que regularan el comportamiento, el horario y las actividades que desempe&#xF1;an los trabajadores y comisionistas, con un reglamento para cada uno, en el cual se plasmaron las principales obligaciones y derechos para todos los involucrados. Lo cual genero una mejor&#xED;a en el ambiente laboral. Simult&#xE1;neamente en el aspecto de comercializaci&#xF3;n, dise&#xF1;o diferentes estrategias para integrarse nuevamente en el mercado del agua purificada en Sahuayo, adem&#xE1;s se realiz&#xF3; un despliegue de la funci&#xF3;n de la calidad,  esto se logr&#xF3; con ayuda de encuestas al consumidor para determinar sus gustos y preferencias en cuanto agua purificada. Lo que nos dio un punto de regencia para hacer mejoras en el proceso y alcanzar las nuevas tendencias de consumo de agua purificada. --</subfield>
  </datafield>
  <datafield tag="520" ind1="3" ind2=" ">
    <subfield code="a">The professional experience Project had several objectives: To carry out a diagnostic in the enterprise in order to design a technical support program, to enhance the final product quality, the organizational improvement and finally, to design a marketing strategy. The project development involved various tasks. It was carried out an audit according to the NOM in water for the human consumption and a FODA analysis to determine the most suitable strategies for the company. Subsequently it was dealt with the quality aspects in the final product and in the processes. In order to produce a change in all mentioned above, it was necessary to work on the good management practices (BPM) and the cleaning up standardize procedures, beginning with training courses for all the staff in the factory to be aware of the importance in the hygienic quality and the pollution risk, as well as the implementation of maintenance calendars. Besides it was design the (POES) to wash: demijohns on the floor, and in the washing machine as well as in the tank. With this efforts it was achieve the standardize of the water purification process and its microbiological evaluation. Talking about the objectives related with the improvement in administration and marketing, it was carry out actions that regulate the behavior, schedule and the workers activities as well as the commission agents, with a regulation for everyone, in this regulation it was manifested the main obligations and rights for all people involved. With this action it was generated a better working environment. At the same time in the marketing it was design several strategies to fit in again in the purified water market, in Sahuayo, Michoacan. In addition it was carried out a spread of the quality; and this was success through costumer surveys in order to determine their likes on purified water. This research gave us a reference point to make betters in the process in the way to reach the new consumptions tendencies in purified water. </subfield>
  </datafield>
  <datafield tag="650" ind1="1" ind2="3">
    <subfield code="a">Purificaci&#xF3;n del agua  </subfield>
    <subfield code="2">atg</subfield>
  </datafield>
  <datafield tag="650" ind1="1" ind2="3">
    <subfield code="a">M&#xE9;todos de purificaci&#xF3;n  </subfield>
    <subfield code="2">atg</subfield>
    <subfield code="x">Asesor&#xED;a</subfield>
  </datafield>
  <datafield tag="650" ind1="1" ind2="3">
    <subfield code="a">Water purification</subfield>
    <subfield code="2">atg</subfield>
  </datafield>
  <datafield tag="650" ind1="1" ind2="3">
    <subfield code="a">Purification methods  </subfield>
    <subfield code="2">atg</subfield>
    <subfield code="x">Counseling</subfield>
  </datafield>
  <datafield tag="700" ind1="1" ind2=" ">
    <subfield code="a">Leyva Ruelas, Gabriel</subfield>
    <subfield code="e">director</subfield>
  </datafield>
  <datafield tag="700" ind1="1" ind2=" ">
    <subfield code="a">Ponce Hern&#xE1;ndez, Pedro</subfield>
    <subfield code="e">asesor</subfield>
  </datafield>
  <datafield tag="700" ind1="1" ind2=" ">
    <subfield code="a">Reyna Izaguirre, Diana Am&#xE9;rica</subfield>
    <subfield code="e">asesora</subfield>
  </datafield>
  <datafield tag="856" ind1="4" ind2="1">
    <subfield code="u">http://10.13.5.2/tesis/113409.pdf</subfield>
    <subfield code="y">DESCARGAR PDF</subfield>
  </datafield>
  <datafield tag="901" ind1=" " ind2=" ">
    <subfield code="a">TESIS P47 2011</subfield>
  </datafield>
  <datafield tag="902" ind1=" " ind2=" ">
    <subfield code="a">M</subfield>
  </datafield>
  <datafield tag="905" ind1=" " ind2=" ">
    <subfield code="a">5232272011                          mx amnl8222223322spa16</subfield>
  </datafield>
  <datafield tag="942" ind1=" " ind2=" ">
    <subfield code="c">TESIS</subfield>
    <subfield code="2">Clasificaci&#xF3;n Universidad Aut&#xF3;noma Chapingo</subfield>
  </datafield>
  <datafield tag="999" ind1=" " ind2=" ">
    <subfield code="c">175496</subfield>
    <subfield code="d">175496</subfield>
  </datafield>
  <datafield tag="952" ind1=" " ind2=" ">
    <subfield code="0">0</subfield>
    <subfield code="1">0</subfield>
    <subfield code="2">local</subfield>
    <subfield code="4">0</subfield>
    <subfield code="5">5</subfield>
    <subfield code="7">0</subfield>
    <subfield code="8">TESIS</subfield>
    <subfield code="a">IA_</subfield>
    <subfield code="b">IA_</subfield>
    <subfield code="d">2022-01-18</subfield>
    <subfield code="e">El autor</subfield>
    <subfield code="l">0</subfield>
    <subfield code="o">Tesis P47 2011</subfield>
    <subfield code="p">1101006163</subfield>
    <subfield code="r">2022-01-18 00:00:00</subfield>
    <subfield code="t">Ej. 3</subfield>
    <subfield code="w">2022-01-18</subfield>
    <subfield code="y">CD</subfield>
  </datafield>
  <datafield tag="952" ind1=" " ind2=" ">
    <subfield code="0">0</subfield>
    <subfield code="1">0</subfield>
    <subfield code="2">local</subfield>
    <subfield code="4">0</subfield>
    <subfield code="5">1</subfield>
    <subfield code="7">0</subfield>
    <subfield code="8">TESIS</subfield>
    <subfield code="a">IA_</subfield>
    <subfield code="b">IA_</subfield>
    <subfield code="d">2022-01-18</subfield>
    <subfield code="e">El autor</subfield>
    <subfield code="l">0</subfield>
    <subfield code="o">Tesis P47 2011</subfield>
    <subfield code="p">1101006161</subfield>
    <subfield code="r">2026-02-02 00:00:00</subfield>
    <subfield code="t">Ej. 1</subfield>
    <subfield code="w">2022-01-18</subfield>
    <subfield code="y">TESIS</subfield>
  </datafield>
  <datafield tag="952" ind1=" " ind2=" ">
    <subfield code="0">0</subfield>
    <subfield code="1">0</subfield>
    <subfield code="2">local</subfield>
    <subfield code="4">0</subfield>
    <subfield code="5">1</subfield>
    <subfield code="7">0</subfield>
    <subfield code="8">TESIS</subfield>
    <subfield code="a">IA_</subfield>
    <subfield code="b">IA_</subfield>
    <subfield code="d">2022-01-18</subfield>
    <subfield code="e">El autor</subfield>
    <subfield code="l">0</subfield>
    <subfield code="o">Tesis P47 2011</subfield>
    <subfield code="p">1101006162</subfield>
    <subfield code="r">2022-01-18 00:00:00</subfield>
    <subfield code="t">Ej. 2</subfield>
    <subfield code="w">2022-01-18</subfield>
    <subfield code="y">CD</subfield>
  </datafield>
  <datafield tag="952" ind1=" " ind2=" ">
    <subfield code="0">0</subfield>
    <subfield code="1">0</subfield>
    <subfield code="2">local</subfield>
    <subfield code="4">0</subfield>
    <subfield code="7">0</subfield>
    <subfield code="8">TesDigL</subfield>
    <subfield code="a">IA_</subfield>
    <subfield code="b">IA_</subfield>
    <subfield code="c">E_L</subfield>
    <subfield code="d">2024-10-08</subfield>
    <subfield code="e">El autor</subfield>
    <subfield code="l">0</subfield>
    <subfield code="p">1201006161</subfield>
    <subfield code="r">2024-10-08 11:34:28</subfield>
    <subfield code="w">2024-10-08</subfield>
    <subfield code="y">TD</subfield>
  </datafield>
</record>
